| 000 | 00406cam a2200169ua 4500 | ||
|---|---|---|---|
| 020 | _c1.50 | ||
| 041 |
_ahin _h |
||
| 082 |
_a891.54 _bGAN/BU |
||
| 100 | _aGandhi, M K. | ||
| 245 |
_aBuniyadi shiksha / _cGandhiji. _hTextual Documents |
||
| 260 |
_aAhamadabad : _bNavjeevan prakashan mandir , _c1953. |
||
| 300 | _a163 ; . | ||
| 365 | _a1.50 | ||
| 504 | _a | ||
| 942 | _cBK | ||
| 999 |
_c11864 _d11864 |
||